000 00620nam a2200229Ia 4500
003 OSt
005 20230518104826.0
008 210423s2002 xx 000 0 und d
020 _a0-7167-4682-4
040 _cAL
041 _aeng
082 _a574.192 BERL
_223
100 _aBERG (Jeremy M);TYMOCZKO (John L);STRYER (Lubert).
_9107827
245 _aLecture notebook for biochemistry Ed 5
250 _a5
260 _aNew York
_bW H Freeman & Co
_c2002
300 _a672
_bPB
365 _b3506
_cINR
650 _aBiochemistry
_9107828
906 _abiochemistry ; Ed ; Lecture ; notebook
942 _2ddc
_cBK
999 _c165045
_d165045